中央本線 全駅クイズ - Statistics

General Stats
  • This quiz has been taken 149 times
  • The average score is 67 of 112
Answer Stats
駅ナンバリング 答え % Correct
JC01 東京
98%
JC02 神田
94%
JC05JB10 新宿
94%
JC22 八王子
94%
JC03JB18 御茶ノ水
92%
JC12JB01 三鷹
91%
JC09JB04 荻窪
90%
JC19 立川
90%
CO43 甲府
90%
JC04JB14 四ツ谷
88%
JC06JB07 中野
88%
JC16 国分寺
88%
JC24 高尾
88%
JC10JB03 西荻窪
87%
JC23 西八王子
87%
JC11JB02 吉祥寺
86%
JC18 国立
85%
JB17 水道橋
84%
JC13 武蔵境
84%
JC15 武蔵小金井
84%
JC32 大月
84%
JB16 飯田橋
83%
JB08 東中野
83%
JC20 日野
83%
JC07JB06 高円寺
81%
JC17 西国分寺
81%
JC21 豊田
81%
CF00 名古屋
80%
JB13 信濃町
79%
JB09 大久保
79%
JC08JB05 阿佐ケ谷
79%
CO61 塩尻
79%
JC25 相模湖
78%
JB15 市ケ谷
77%
JB11 代々木
77%
JC14 東小金井
77%
CO44 竜王
77%
CO51 小淵沢
77%
JB12 千駄ケ谷
76%
CO56 茅野
76%
CO57 上諏訪
76%
CO58 下諏訪
76%
CO39 山梨市
74%
CO36 勝沼ぶどう郷
73%
支線 辰野
73%
CF19 中津川
73%
CO59 岡谷
72%
CO46 韮崎
71%
JC27 上野原
70%
CO37 塩山
69%
CO41 石和温泉
67%
JC31 猿橋
66%
CF12 多治見
65%
CF01 金山
65%
CO60 みどり湖
64%
JC28 四方津
62%
CO53 富士見
62%
JC26 藤野
60%
CF30 木曽福島
60%
CF03 千種
60%
CF23 南木曽
58%
CF07 春日井
58%
CF09 高蔵寺
57%
CO35 甲斐大和
56%
CF17 恵那
56%
CF02 鶴舞
55%
JC29 梁川
53%
JC30 鳥沢
52%
CO34 笹子
52%
CF14 瑞浪
51%
CO38 東山梨
50%
CF29 上松
50%
CF13 土岐市
50%
CF08 神領
50%
CF06 勝川
49%
CO42 酒折
47%
CF11 古虎渓
47%
CF05 新守山
47%
CO40 春日居町
44%
CO54 すずらんの里
44%
CO33 初狩
43%
CO52 信濃境
43%
CF10 定光寺
43%
CO49 日野春
42%
CO55 青柳
42%
CF04 大曾根
42%
CO45 塩崎
38%
洗馬
38%
奈良井
38%
CO50 長坂
37%
CO48 穴山
35%
CF18 美乃坂本
35%
CO47 新府
34%
坂下
34%
大桑
31%
支線 川岸
29%
支線 小野
29%
支線 信濃川島
26%
落合川
26%
木曽平沢
24%
贄川
23%
CF15 釜戸
22%
CF16 武並
21%
日出塩
20%
十二兼
19%
藪原
16%
倉本
15%
須原
15%
野尻
14%
原野
13%
田立
13%
宮ノ越
12%
No matching quizzes found
Score Distribution
Percent of People with Each Score
Percentile by Number Answered
Your Score History
You have not taken this quiz